Bản đồ địa hình

שמור ב:
מידע ביבליוגרפי
מחבר ראשי: Nhữ Thị Xuân
פורמט: ספר
שפה:Vietnamese
יצא לאור: H. ĐHQG Hà Nội 2006
מהדורה:In lần thứ 2
נושאים:
תגים: הוספת תג
אין תגיות, היה/י הראשונ/ה לתייג את הרשומה!
Thư viện lưu trữ: Trung tâm Học liệu Lê Vũ Hùng, Trường Đại học Đồng Tháp
LEADER 00771pam a22002538a 4500
001 00023057
005 20171026081025.0
008 110609s2006 ||||||viesd
041 0 # |a vie 
082 1 4 |a 551.41  |b B105Đ 
100 0 # |a Nhữ Thị Xuân 
245 0 0 |a Bản đồ địa hình  |c Nhữ Thị Xuân 
250 # # |a In lần thứ 2 
260 # # |a H.  |b ĐHQG Hà Nội  |c 2006 
300 # # |a 303tr.  |c 21cm. 
653 # # |a bản đồ 
653 # # |a địa lí 
653 # # |a địa hình 
653 # # |a giáo trình 
852 # # |j KM.0012470  |j KD.0009911 
852 # # |b Kho đọc  |j KD.0009911 
852 # # |b Kho mượn  |j KM.0012470 
910 0 # |a chi  |d 09/06/2011 
980 # # |a Trung tâm Học liệu Lê Vũ Hùng, Trường Đại học Đồng Tháp